000 00541nam a2200193Ia 4500
003 OSt
005 20250825095425.0
008 210210b1977 xxu||||| |||| 00| 0 eng d
040 _cAL
041 _aKannada
082 _aK894.3 JAYJ
100 _aJAYATIRTHA RAJAPUROHITA.
_dಜಯತೀರ್ಥ ರಾಜಪುರೋಹಿತ
_9237034
245 _aJenu suli
_bಜೇನು ಸುಳಿ
260 _aMaisuru
_bSuruchi Prakashana
_c1977
300 _a303
690 _aKannada Fiction
_9237035
906 _aSG00471
942 _2ddc
_cSG
999 _c111871
_d111871